000 00834nam a22001935i 4500
001 157287
003 ES-MaACL
005 20250809063529.0
008 010719s1864 fr |||| | fre d
040 _aCCPB | B
_bspa
_cCCPB | B
100 1 _aLaurent, François,
_d1810-1887
_9128741
245 1 0 _aLettres sur la question des cimetières /
_cpar F. Laurent.
260 _aParis :
_bLibrairie International ;
_aBruxelles :
_bA. Lacroix, Verboeckhoven et C\pie\s,
_c1864.
300 _a2 v. ;
_c18 cm.
505 8 _aContiene: Première série. La question religieuse. La cupidité cléricale. Le fanatisme de clergé (297 p.) -- Deuxième série. Le point de droit (160 p.)
650 4 _aCementerios.
_9135745
852 _aES-MaACL
_jD-1259
_z-- Enc. hol.
_q-- Sólo la segunda parte (160 p.)
999 _c157287
_d157287